000 00290nam a22001337a 4500
008 170411b xxu||||| |||| 00| 0 eng d
020 _a1579546463
041 _aeng
080 _a612.39
100 _a9
101 _aSHM
245 _aTHE SOUTH BEACH DIET
_cAGATSTON, A
942 _2udc
_cBK
999 _c10315
_d10315